<?xml version="1.0" encoding="UTF-8"?>
<collection xmlns="http://www.loc.gov/MARC21/slim">
    <record>
        <controlfield tag="001">74811</controlfield>
        <controlfield tag="005">20190214135731.0</controlfield>
        <datafield tag="020" ind1=" " ind2=" ">
            <subfield code="a">978-84-09-04083-4</subfield>
        </datafield>
        <datafield tag="024" ind1="7" ind2=" ">
            <subfield code="2">doi</subfield>
            <subfield code="a">10.26754/uz.978-84-09-04083-4</subfield>
        </datafield>
        <datafield tag="037" ind1=" " ind2=" ">
            <subfield code="a">BOOK-2018-021</subfield>
        </datafield>
        <datafield tag="041" ind1=" " ind2=" ">
            <subfield code="a">spa</subfield>
        </datafield>
        <datafield tag="100" ind1=" " ind2=" ">
            <subfield code="a">Allueva Torres, Pedro [coord.]</subfield>
            <subfield code="b">-</subfield>
        </datafield>
        <datafield tag="245" ind1=" " ind2=" ">
            <subfield code="a">Congreso Internacional de Orientación Universitaria, Zaragoza, 5, 6 y 7 de septiembre de 2018. Libro de Resúmenes = International University Guidance Conference, 5th-7th September. Zaragoza (Spain). Abstract Book</subfield>
        </datafield>
        <datafield tag="250" ind1=" " ind2=" ">
            <subfield code="a">1ª ed</subfield>
        </datafield>
        <datafield tag="260" ind1=" " ind2=" ">
            <subfield code="a">Zaragoza</subfield>
            <subfield code="b">Universidad de Zaragoza</subfield>
            <subfield code="c">2018</subfield>
        </datafield>
        <datafield tag="300" ind1=" " ind2=" ">
            <subfield code="a">298</subfield>
        </datafield>
        <datafield tag="520" ind1=" " ind2=" ">
            <subfield code="a">La Calidad Educativa Universitaria es un pilar fundamental del Espacio Europeo de Educación Superior. En esta línea, el objetivo general del Congreso Internacional de Orientación Universitaria (CIOU2018) ha sido crear un espacio de encuentro internacional donde se debata, reflexione y compartan experiencias sobre los principales temas y áreas de la Orientación Universitaria que contribuya a la mejora de la Calidad Educativa Universitaria y, en definitiva, a la mejora de la sociedad. En el presente libro de resúmenes-abstracts se recogen las aportaciones realizadas y presentadas en el CIOU2018 por profesionales-especialistas de las diferentes áreas de la Orientación Educativa Universitaria. A partir de las tres grandes áreas en las que se estructura el congreso, orientación universitaria a estudiantes preuniversitarios, apoyo y orientación a estudiantes durante su permanencia en la Universidad y apoyo y orientación a estudiantes egresados de la Universidad, las mesas de comunicaciones orales se disponen en diez áreas temáticas: a) Orientación a la integración de los estudiantes en la Universidad, b) Orientación a estudiantes de cursos intermedios, c) Orientación a estudiantes de últimos cursos, d) Orientación a estudiantes egresados, e) Profesorado y orientación Universitaria, f) Tutoría académica, g) Orientación para todas las personas y perspectiva de género, h) Programas, métodos, TIC y orientación Universitaria, i) Análisis del abandono y de la orientación Universitaria, y j) Otros temas relacionados con la orientación Universitaria. Queremos manifestar nuestro agradecimiento al Gobierno de Aragón, Agencia de Calidad y Prospectiva Universitaria de Aragón (ACPUA), Campus Iberus, Obra Social “la Caixa”, Fundación ONCE, Consejo Social de la Universidad de Zaragoza y a las diferentes Universidades e Instituciones colaboradoras porque con su apoyo han hecho posible la realización del CIOU2018. Así mismo, queremos mostrar nuestro agradecimiento a todos los conferenciantes, ponentes de las mesas redondas e investigadoras/es que han presentado sus contribuciones científicas y con ello han hecho posible que se debata, reflexione y compartan experiencias y conocimientos de la Orientación Educativa Universitaria en el CIOU2018.</subfield>
        </datafield>
        <datafield tag="540" ind1=" " ind2=" ">
            <subfield code="9">info:eu-repo/semantics/openAccess $a Esta obra está sujeta a una licencia de uso Creative Commons. Se permite la reproducción total o parcial, la distribución, la comunicación pública de la obra y la creación de obras derivadas, siempre que no sea con finalidades comerciales, y sempre que se reconzca la autoria de la obra original. $u https://creativecommons.org/licenses/by-nc/4.0/</subfield>
        </datafield>
        <datafield tag="653" ind1="1" ind2=" ">
            <subfield code="a">universidad de zaragoza</subfield>
        </datafield>
        <datafield tag="653" ind1="1" ind2=" ">
            <subfield code="a">orientación universitaria</subfield>
        </datafield>
        <datafield tag="653" ind1="1" ind2=" ">
            <subfield code="a">enseñanza superior</subfield>
        </datafield>
        <datafield tag="653" ind1="1" ind2=" ">
            <subfield code="a">investigación</subfield>
        </datafield>
        <datafield tag="655" ind1=" " ind2="4">
            <subfield code="a">info:eu-repo/semantics/publishedVersion</subfield>
        </datafield>
        <datafield tag="655" ind1=" " ind2="4">
            <subfield code="a">info:eu-repo/semantics/book</subfield>
        </datafield>
        <datafield tag="700" ind1=" " ind2=" ">
            <subfield code="a">Bueno Gracia, Concepción [coord.]</subfield>
        </datafield>
        <datafield tag="856" ind1="0" ind2=" ">
            <subfield code="f">zaguan@unizar.es</subfield>
        </datafield>
        <datafield tag="856" ind1="4" ind2=" ">
            <subfield code="s">7470540</subfield>
            <subfield code="u">http://zaguan.unizar.es/record/74811/files/BOOK-2018-021.pdf</subfield>
            <subfield code="z">Texto completo</subfield>
        </datafield>
        <datafield tag="909" ind1="C" ind2="O">
            <subfield code="o">oai:zaguan.unizar.es:74811</subfield>
            <subfield code="p">books</subfield>
        </datafield>
        <datafield tag="980" ind1=" " ind2=" ">
            <subfield code="a">BOOK</subfield>
            <subfield code="b">CONYJOR</subfield>
        </datafield>
    </record>

    
</collection>